000 01224cam a22003377a 4500
003 CHAP
005 20220329134021.0
008 971013s1986 r 00010 d
010 _a14141
011 _a15113
035 _a19187
040 _cCHAP
082 _a338.972
_bI5 S.L.P.
110 _aInstituto Nacional de Estadística, Geografía e Informática. México
_959304
245 0 _aEstructura económica del estado de San Luis Potosí
260 _aAguascalientes, Ags. :
_bINEGI,
_c1986
300 _a51 p.
_b: cuadros
590 _aBATCH-UPD
_b10
_c20130110
_lUCH01
_h0046
590 _aBATCH-UPD
_b10
_c20130110
_lUCH01
_h0855
590 _aBATCH-UPD
_b10
_c20130409
_lUCH01
_h2033
590 _aBATCH-UPD
_b10
_c20130410
_lUCH01
_h0526
590 _aBATCH-UPD
_b10
_c20130914
_lUCH01
_h1642
590 _aCONVERSION
_b10
_c20130109
_lUCH01
_h1309
650 1 4 _aIngresos
_xContabilidad
_xSan Luis Potosí.
_958384
650 1 4 _aProducto interno bruto
_xSan Luis Potosí.
_991883
650 1 4 _aSan Luis Potosí
_xCondiciones económicas.
_9101963
650 1 4 _aSan Luis Potosí
_xEstadísticas.
_9101968
901 _aBK
942 _cLIBRO
949 _a338.972 I5 S.L.P.
_bBC
_cINEGI
_d33724000122891
_eINEGI
_h69439
_i19187
_si
999 _c14141
_d14141